| 000 -LEADER |
| fixed length control field |
01980cam a22003494a 4500 |
| 001 - CONTROL NUMBER |
| control field |
13958564 |
| 003 - CONTROL NUMBER IDENTIFIER |
| control field |
OSt |
| 005 - DATE AND TIME OF LATEST TRANSACTION |
| control field |
20170928020106.0 |
| 008 - FIXED-LENGTH DATA ELEMENTS--GENERAL INFORMATION |
| fixed length control field |
050509s2005 dcuab bf 001 0 eng |
| 010 ## - LIBRARY OF CONGRESS CONTROL NUMBER |
| LC control number |
2005049129 |
| 020 ## - INTERNATIONAL STANDARD BOOK NUMBER |
| International Standard Book Number |
079223877X (alk. paper) |
| 020 ## - INTERNATIONAL STANDARD BOOK NUMBER |
| International Standard Book Number |
0792268342 (alk. paper) |
| 035 ## - SYSTEM CONTROL NUMBER |
| System control number |
(OCoLC)ocm60373691 |
| 040 ## - CATALOGING SOURCE |
| Original cataloging agency |
DLC |
| Transcribing agency |
DLC |
| Modifying agency |
YDX |
| -- |
BAKER |
| -- |
VP@ |
| -- |
YBM |
| -- |
DAY |
| -- |
DLC |
| 042 ## - AUTHENTICATION CODE |
| Authentication code |
pcc |
| 050 00 - LIBRARY OF CONGRESS CALL NUMBER |
| Classification number |
G123 |
| Item number |
.N37 2005 |
| 082 00 - DEWEY DECIMAL CLASSIFICATION NUMBER |
| Classification number |
910 |
| Edition number |
22 |
| 245 00 - TITLE STATEMENT |
| Title |
National Geographic almanac of geography / |
| Statement of responsibility, etc. |
contributing geographers, chief consultant, Roger M. Downs ; Frederick A. Day ... [et al.]. |
| 246 30 - VARYING FORM OF TITLE |
| Title proper/short title |
Almanac of geography |
| 260 ## - PUBLICATION, DISTRIBUTION, ETC. (IMPRINT) |
| Place of publication, distribution, etc. |
Washington, D.C. : |
| Name of publisher, distributor, etc. |
National Geographic, |
| Date of publication, distribution, etc. |
c2005. |
| 300 ## - PHYSICAL DESCRIPTION |
| Extent |
512 p. : |
| Other physical details |
ill. (chiefly col.), col. maps ; |
| Dimensions |
25 cm. |
| 504 ## - BIBLIOGRAPHY, ETC. NOTE |
| Bibliography, etc |
Includes bibliographical references and index. |
| 505 0# - FORMATTED CONTENTS NOTE |
| Formatted contents note |
I: Geography past and present -- What is geography? -- History of geography -- Geography today -- Maps and globes -- II: Physical geography -- Planet earth -- Weather -- Climate -- Earth materials and tectonic processes -- Landforms and landscapes -- Soils and bioregions -- Sources of further information -- III: Human geography -- Population -- Migration -- Cultural geography -- Economic geography -- Urban geography -- Political geography -- Environment and society -- IV: Places -- Country by country -- World maps. |
| 650 #0 - SUBJECT ADDED ENTRY--TOPICAL TERM |
| Topical term or geographic name as entry element |
Geography |
| Form subdivision |
Handbooks, manuals, etc. |
| 700 1# - ADDED ENTRY--PERSONAL NAME |
| Personal name |
Downs, Roger M. |
| 700 1# - ADDED ENTRY--PERSONAL NAME |
| Personal name |
Day, Frederick Albert. |
| 856 42 - ELECTRONIC LOCATION AND ACCESS |
| Materials specified |
Contributor biographical information |
| Uniform Resource Identifier |
<a href="http://www.loc.gov/catdir/enhancements/fy0645/2005049129-b.html">http://www.loc.gov/catdir/enhancements/fy0645/2005049129-b.html</a> |
| 856 42 - ELECTRONIC LOCATION AND ACCESS |
| Materials specified |
Publisher description |
| Uniform Resource Identifier |
<a href="http://www.loc.gov/catdir/enhancements/fy0645/2005049129-d.html">http://www.loc.gov/catdir/enhancements/fy0645/2005049129-d.html</a> |
| 906 ## - LOCAL DATA ELEMENT F, LDF (RLIN) |
| a |
7 |
| b |
cbc |
| c |
orignew |
| d |
1 |
| e |
ocip |
| f |
20 |
| g |
y-gencatlg |
| 942 ## - ADDED ENTRY ELEMENTS (KOHA) |
| Source of classification or shelving scheme |
|
| Koha item type |
Hard Covered Materials |
| Classification part |
G 123 .D69 1996 |
| Koha issues (borrowed), all copies |
1 |